| 000 | 00000nas 2200000za 4500 |
| 001 | 9.803601 |
| 003 | CaOODSP |
| 005 | 20221107135238 |
| 007 | cr ||||||||||| |
| 008 | 150406d19972015onchr p o||||f0 b0fre|d |
| 040 | |aCaOODSP|bfre |
| 043 | |an-cn--- |
| 086 | 1 |aIu4-55F-PDF|zIu1-14F-PDF |
| 110 | 1 |aCanada. |bIndustrie Canada. |
| 245 | 10|aStratégie de développement durable |h[ressource électronique] / |cIndustrie Canada. |
| 246 | 13|aStratégie ministérielle de développement durable |
| 246 | 13|aStratégie de développement durable d'Industrie Canada pour ... |
| 246 | 13|aStratégie de développement durable ... d'Industrie |
| 260 | |aOttawa : |bIndustrie Canada |
| 310 | |aTriennal |
| 362 | 1 |aParaît depuis 1997; ne paraît plus après 2015. |
| 500 | |aPubl. aussi en anglais sous le titre : Sustainable development strategy. |
| 500 | |aCertaines editions numérisées de l'imprimé [par Innovation, Sciences et Développement économique Canada]. |
| 692 | 07|2gccst|aGestion stratégique |
| 692 | 07|2gccst|aDéveloppement durable |
| 775 | 08|tSustainable development strategy |w(CaOODSP)9.803598 |
| 785 | 00|tStratégie ministérielle de développement durable ... |w(CaOODSP)9.903027 |